000 00422nam a2200145Ia 4500
003 IQ-KOUCL
041 _aArabic
082 _a256,4 cut-922 ب
100 _a20260118u\\\\\\\\\\\y0engy0103\\\\ba
245 0 _aاضواء على الصلح والصلاح الدين البهائي
250 _aط1
260 _bدار النشر البهائية في البرازيل
_aالبرازيل
300 _a69
942 _cBk
999 _c186523
_d186523